Emil Petách: Dejiny mincovania v Košiciach

Bibliographic Details
Main Authors: Hlinka, Jozef, 1925-1992 (Author), Petách, Emil, 1915-1987 (Author)
Format: Article
Language:Slovak
Subjects:

MARC

LEADER 00000nab a2200000 a 4500
001 vtls000351833
003 SK-MaSNL
005 20260302230035.0
008 111201c1988 xo 0 slo
015 |a SNBRB19rr/mm-uuuuu 
035 |a CL0351955 
040 |a SNKBUCL  |b slo  |c SNKBUCL  |e AACR2 
041 0 |a slo 
044 |a xo  |c SK 
080 |a 737(091)  |2 1981 
080 |a 943.76  |2 1981 
100 1 |a Hlinka, Jozef,  |d 1925-1992  |4 aut  |9 105340 
245 1 0 |a Emil Petách: Dejiny mincovania v Košiciach  |c Jozef Hlinka 
650 0 7 |a mincovníctvo  |2 snkbucl  |9 30122 
651 7 |a 5403  |2 snkbucl  |9 893808 
655 7 |a články z novín a časopisov  |2 snkbucl  |9 267496 
700 1 |a Petách, Emil,  |d 1915-1987  |4 aut 
773 0 |t Historica carpatica  |g Roč. 19 (1988), s. 323-324 
787 0 8 |i Rec.:  |a Petách, Emil  |t Dejiny mincovania v Košiciach  |d Košice : Východoslovenské vydavateľstvo, 1986 
850 |a Slovenská národná knižnica v Martine  |a MTA001 
852 |a SNK  |b KIS3GCP 
958 |a RK 
992 |a RBX 
999 |c 1531981  |d 1533911